• 首页
  • 本馆介绍
  • 公告通知
  • 最新文献
  • 馆藏检索
  • 电子资源
  • 读者导购
  • 参考咨询
  • 我的图书馆
  • 登录
  • 详细信息显示
  • 放入我的书架
  • 预约/预借图书
  • 作者相关作品
  • 分类相关作品
  • 丛书相关作品
  • 出版社相关作品

书目信息

  • 表格格式
  • 工作单格式
  • 卡片格式
题名:
中国历史博物馆
    
 
作者: ;中国历史博物馆 编
分册:  
出版信息: 北京   文物出版社  1984
页数: 250页
开本: 39cm
丛书名: 中国博物馆丛书
单 册:
中图分类: G260.83
科图分类:
主题词: 博物馆学 , 博物馆事业
电子资源:
ISBN:
000 00763nam2 2200277 45
001 0184002401
005 20040225171737.4
010    @b精装@dCNY150.00
091    @a7068.1128
100    @a19950613d1984 em y0chiy0121 ea
101 0  @achi
102    @aCN@b110000
105    @aaf z 000yy
106    @ar
200 10 @a中国历史博物馆@Azhong guo li shi bo wu guan@f中国历史博物馆编
210    @a北京@c文物出版社@d1984
215    @a250页@c图版@d39cm
225 2  @a中国博物馆丛书@v5
410  0 @120010@a中国博物馆丛书
606 0  @a博物馆学
606 0  @a博物馆事业
690    @aG260.83@v3
711 02 @a中国历史博物馆@Azhong guo li shi bo wu guan@4编
801  0 @aCN@b上海图书馆@c20040225
801  2 @aCN@bNLC@c20040225
905    @f1@b119732@dG260.83@e7
    
    中国历史博物馆/中国历史博物馆编.-北京:文物出版社,1984
    250页:图版;39cm.-(中国博物馆丛书;5)
    
    
    ISBN (精装):CNY150.00
    
●
相关链接 在E读中查询图书 在五车中查询图书 在当当中查询图书 在豆瓣中查询图书


正题名:中国历史博物馆     索取号:G260.83/7         预约/预借

序号 登录号 条形码 馆藏地/架位号 状态 备注
1 0119732   001899477   古籍典藏专区/ [索取号:G260.83/7] 在馆    
唐山师范学院图书馆 欢迎您!
大连网信软件有限公司© 版权所有